[Event "France Jeunes Belfort 2017"]
[Site "Belfort"]
[Date "2017.04.20"]
[Round "6.2"]
[White "Harutyunyan, Ruben"]
[Black "Cohen Revivo, Shoham"]
[Result "*"]
[WhiteElo "2218"]
[BlackElo "2221"]
[PlyCount "152"]
[EventDate "2017.??.??"]
[TimeControl "6000+1445"]
[WhiteClock "0:01:13"]
[BlackClock "0:01:49"]

1. Nf3 d5 2. d4 Bf5 3. e3 Nf6 4. c4 e6 5. Nc3 Nc6 6. a3 Be7 7. Be2 h6 8. O-O
O-O 9. b3 Nb8 10. Bb2 Nbd7 11. Re1 c6 12. Bd3 Ne4 13. Qc2 Ndf6 14. Nd2 Bd6 15.
g3 Nxd2 16. Qxd2 Ne4 17. Nxe4 dxe4 18. Bf1 Qg5 19. Bg2 h5 20. Qc2 Qg6 21. h4 a5
22. Bc3 Qh7 23. Kf1 f6 24. Ke2 Qg6 25. Kd2 b5 26. c5 Bc7 27. Kc1 Rfd8 28. Kb2
Rd5 29. Bh1 e5 30. Red1 exd4 31. Rxd4 Rxc5 32. Bxe4 Re8 33. Bxf5 Qxf5 34. Qxf5
Rxf5 35. Rd2 c5 36. Kc2 Be5 37. Rad1 b4 38. Bxe5 Rexe5 39. a4 Rf3 40. Re2 Ref5
41. Rdd2 g5 42. Kd3 gxh4 43. gxh4 Rh3 44. Rc2 Rxh4 45. f4 Rg4 46. Rg2 Rxg2 47.
Rxg2+ Kf7 48. Ke4 Ke6 49. Rg8 Rd5 50. Re8+ Kd7 51. Rh8 Rd2 52. Rxh5 Kc6 53. Rh6
Rd6 54. Kf3 c4 55. bxc4 Kc5 56. Rh5+ Kxc4 57. Rxa5 Rb6 58. Ra8 b3 59. a5 b2 60.
Rc8+ Kb5 61. axb6 b1=Q 62. Rf8 Qd1+ 63. Kf2 Qc2+ 64. Kf3 Qc6+ 65. Kg4 Qe6+ 66.
Kh5 Kxb6 67. Kg6 Qxe3 68. Rxf6+ Kc7 69. f5 Qg3+ 70. Kf7 Kd7 71. Re6 Qg5 72. Rf6
Qg4 73. Kf8 Qb4+ 74. Kg8 Qc4+ 75. Kg7 Qd4 76. Kf7 Qe5 *

[Event "France Jeunes Belfort 2017"]
[Site "Belfort"]
[Date "2017.04.19"]
[Round "6.2"]
[White "Haussernot, Cécile"]
[Black "Saliou, Sarah"]
[Result "1-0"]
[WhiteElo "2107"]
[BlackElo "1684"]
[PlyCount "95"]
[EventDate "2017.??.??"]
[TimeControl "6000+895"]
[WhiteClock "0:13:39"]
[BlackClock "0:01:55"]

1. e4 c5 2. Nf3 Nc6 3. d3 g6 4. g3 Bg7 5. Bg2 d6 6. O-O Rb8 7. c3 Nf6 8. d4
Nxe4 9. d5 Na5 10. Qa4+ b5 11. Qxe4 Bf5 12. Qh4 b4 13. c4 h6 14. Re1 g5 15.
Bxg5 hxg5 16. Qxg5 Bxb2 17. Qxf5 Bxa1 18. Ng5 Rf8 19. Bh3 Nxc4 20. Qd3 Ne5 21.
Qe2 c4 22. Qh5 c3 23. Ne6 Nf3+ 24. Kh1 Qb6 25. Ng7+ Kd8 26. Qxf3 c2 27. Qf5 Qb5
28. Ne6+ fxe6 29. Qxf8+ Qe8 30. Qxe8+ Kxe8 31. Rc1 b3 32. axb3 Rxb3 33. Nd2 Rc3
34. Ne4 Rc4 35. Bf1 Rxe4 36. Bd3 Re5 37. Rxa1 Rxd5 38. Bxc2 a5 39. Bb3 Re5 40.
Kg2 Kd7 41. h4 Rc5 42. g4 d5 43. g5 e5 44. h5 Ke6 45. h6 Kf5 46. h7 Rc8 47.
Bxd5 Rh8 48. Bg8 1-0

[Event "France Jeunes Belfort 2017"]
[Site "Belfort"]
[Date "2017.04.20"]
[Round "6.2"]
[White "Meunier, Clement"]
[Black "Flick, Antoine"]
[Result "1/2-1/2"]
[WhiteElo "2240"]
[BlackElo "2327"]
[PlyCount "118"]
[EventDate "2017.??.??"]
[TimeControl "6000+1365"]
[WhiteClock "0:02:56"]
[BlackClock "0:02:09"]

1. e4 c5 2. Nc3 Nc6 3. g3 g6 4. Bg2 Bg7 5. d3 d6 6. f4 e6 7. Nf3 Nge7 8. O-O
O-O 9. Be3 b6 10. Bf2 Ba6 11. Qd2 Rc8 12. Rae1 Qd7 13. e5 Qc7 14. g4 dxe5 15.
fxe5 Nxe5 16. Bg3 Nxf3+ 17. Rxf3 Qd7 18. Ne4 f6 19. g5 f5 20. Nf6+ Bxf6 21.
gxf6 Nd5 22. Be5 Nxf6 23. Qg5 Qd8 24. Rg3 Ng4 25. Rxg4 fxg4 26. Qxg4 Qd7 27.
Bc3 Rce8 28. h4 Rf5 29. Be4 Re7 30. Bxf5 exf5 31. Qg3 Rxe1+ 32. Qxe1 f4 33. Kf2
Bb5 34. Qe5 h5 35. Qh8+ Kf7 36. Qf6+ Ke8 37. Qxg6+ Qf7 38. Qd6 Bd7 39. Be5 Qe6
40. Qb8+ Ke7 41. Bxf4 Qf5 42. Ke1 Qe6+ 43. Kd2 Qf5 44. Be3 Qg4 45. Bg5+ Kf7 46.
Qh8 Qb4+ 47. Qc3 Qxc3+ 48. Kxc3 Ke6 49. Bf4 Kd5 50. b4 Ba4 51. a3 Be8 52. Bc7
Kc6 53. Bd8 Kd7 54. Bg5 Kc6 55. Be3 Bf7 56. a4 a6 57. a5 cxb4+ 58. Kxb4 b5 59.
c3 Kd5 1/2-1/2

[Event "France Jeunes Belfort 2017"]
[Site "Belfort"]
[Date "2017.04.20"]
[Round "6.2"]
[White "Micottis, Dorian"]
[Black "Kambrath, Yannick"]
[Result "0-1"]
[WhiteElo "2249"]
[BlackElo "2341"]
[PlyCount "132"]
[EventDate "2017.??.??"]
[TimeControl "6000+1295"]
[WhiteClock "0:09:13"]
[BlackClock "0:01:24"]

1. e4 c5 2. Nf3 d6 3. Bb5+ Nd7 4. d4 cxd4 5. Qxd4 a6 6. Be2 Ngf6 7. O-O g6 8.
Nc3 Bg7 9. Rd1 O-O 10. e5 Nh5 11. Qh4 dxe5 12. Bg5 f6 13. Be3 e6 14. Rd6 Qc7
15. Rad1 Re8 16. Qa4 Re7 17. Bb5 Nc5 18. Qa3 b6 19. Bxc5 bxc5 20. Rc6 Qa7 21.
Rd8+ Bf8 22. Bxa6 Bxa6 23. Rxa8 Qxa8 24. Qxa6 Qxa6 25. Rxa6 Kf7 26. g3 Rd7 27.
Rc6 Ng7 28. Ne4 Rd5 29. a4 Nf5 30. c3 Rd1+ 31. Kg2 Rb1 32. a5 Rxb2 33. a6 Ne3+
34. Kh3 Nc4 35. a7 Ra2 36. Rc7+ Be7 37. Nxc5 Nd6 38. Nb7 Nb5 39. Nd8+ Ke8 40.
Nxe6 Nxa7 41. Rb7 Nc8 42. Nc7+ Kd7 43. Nd5+ Kc6 44. Rxe7 Kxd5 45. Rxh7 Rxf2 46.
Nh4 g5 47. Ng6 f5 48. Rc7 Nd6 49. Ne7+ Ke6 50. g4 f4 51. Ng8 Ne4 52. Rc6+ Kd7
53. Rc4 Nd2 54. Nf6+ Ke6 55. Ne4 Nxe4 56. Rxe4 Kd5 57. Re1 e4 58. c4+ Ke5 59.
Rc1 e3 60. c5 e2 61. c6 Rf1 62. Rc5+ Kd6 63. c7 e1=Q 64. Rc6+ Kd5 65. Rc5+ Kd4
66. Rc4+ Kd3 0-1

[Event "France Jeunes Belfort 2017"]
[Site "Belfort"]
[Date "2017.04.20"]
[Round "6.2"]
[White "Popov, Konstantin"]
[Black "Razafindratsima, Timothe"]
[Result "1/2-1/2"]
[WhiteElo "2026"]
[BlackElo "1830"]
[PlyCount "138"]
[EventDate "2017.??.??"]
[TimeControl "6000+630"]
[WhiteClock "0:08:25"]
[BlackClock "0:05:47"]

1. e4 c5 2. Nf3 d6 3. d4 cxd4 4. Nxd4 Nf6 5. Nc3 a6 6. g3 e5 7. Nde2 Be6 8. Bg2
Be7 9. a4 Nbd7 10. O-O O-O 11. h3 Rc8 12. Be3 Nb6 13. b3 Qc7 14. a5 Nbd7 15.
Qd2 Rfd8 16. g4 h6 17. Rfc1 Qc6 18. Nd5 Bxd5 19. exd5 Qc7 20. c4 Re8 21. Ng3
Nh7 22. Nf5 Bg5 23. Bxg5 Nxg5 24. h4 Nh7 25. c5 dxc5 26. d6 Qd8 27. Ne7+ Rxe7
28. dxe7 Qxe7 29. Bxb7 Rc7 30. Bxa6 Qxh4 31. Bf1 Qxg4+ 32. Bg2 Ng5 33. Rc3 Ne6
34. Rg3 Qd4 35. Qe1 Nf4 36. Bf1 Ra7 37. a6 h5 38. Rd1 Qb2 39. Rd2 Qa3 40. Rxd7
Rxd7 41. Qxe5 Ne6 42. Qxh5 Qa1 43. Qe2 Kf8 44. Rg4 Nd4 45. Qc4 Nf3+ 46. Kg2
Ne1+ 47. Kg3 Qe5+ 48. Qf4 Qc3+ 49. Qe3 Qxe3+ 50. fxe3 Nc2 51. Bb5 Ra7 52. Re4
g6 53. Re8+ Kg7 54. Rb8 Nxe3 55. Rb7 Ra8 56. Bd3 Kf6 57. a7 Nf5+ 58. Kf2 Nd6
59. Rc7 Ke5 60. Ke3 Nf5+ 61. Kd2 Kd6 62. Rxf7 Ne7 63. Rf6+ Kc7 64. Ra6 Nc8 65.
Be4 Rxa7 66. Rc6+ Kd7 67. Rxc5 Ne7 68. b4 Kd6 69. Kc3 Rc7 1/2-1/2

[Event "France Jeunes Belfort 2017"]
[Site "Belfort"]
[Date "2017.04.20"]
[Round "6.2"]
[White "Travadon, Loic"]
[Black "Bournel, Antoine"]
[Result "1-0"]
[WhiteElo "2348"]
[BlackElo "1933"]
[PlyCount "104"]
[EventDate "2017.??.??"]
[TimeControl "6000+1105"]
[WhiteClock "0:21:32"]
[BlackClock "0:03:19"]

1. e4 c5 2. Nf3 g6 3. c3 Bg7 4. d4 cxd4 5. cxd4 d5 6. e5 Bg4 7. Nbd2 Nc6 8. Bb5
e6 9. Bxc6+ bxc6 10. O-O Ne7 11. Nb3 Nf5 12. h3 Bxf3 13. Qxf3 c5 14. Nxc5 Nxd4
15. Qd1 Nc6 16. Qa4 Qc7 17. Be3 O-O 18. f4 Rfd8 19. Rac1 Rac8 20. Rfd1 Qa5 21.
Qb3 Rb8 22. Nb7 Qa6 23. Rxc6 Qxc6 24. Nxd8 Qc7 25. Nxe6 fxe6 26. Qa4 Qb7 27. b3
a6 28. Rc1 Rc8 29. Kh2 g5 30. Qa5 gxf4 31. Qb6 Rxc1 32. Qxb7 fxe3 33. Qa8+ Kf7
34. Qa7+ Ke8 35. Qxe3 Rf1 36. g4 Rf7 37. Kg2 Rd7 38. Qd4 Kf7 39. Kf3 Rc7 40.
Qf4+ Kg6 41. h4 h6 42. h5+ Kh7 43. g5 hxg5 44. Qxg5 Rf7+ 45. Kg4 Rf5 46. Qg6+
Kh8 47. Qe8+ Kh7 48. Qxe6 Rxe5 49. Qg6+ Kh8 50. Qxa6 d4 51. h6 Re4+ 52. Kf5
Re5+ {Ke4} 1-0

[Event "France Jeunes Belfort 2017"]
[Site "Belfort"]
[Date "2017.04.20"]
[Round "6.3"]
[White "Callet, Antoine"]
[Black "Laurent-Paoli, Pierre"]
[Result "0-1"]
[WhiteElo "2068"]
[BlackElo "2298"]
[PlyCount "84"]
[EventDate "2017.??.??"]
[TimeControl "6000+2050"]
[WhiteClock "0:00:37"]
[BlackClock "0:01:33"]

1. e4 d6 2. d4 Nf6 3. Nc3 Nbd7 4. f4 e5 5. Nf3 exd4 6. Qxd4 c6 7. Be3 d5 8.
O-O-O Bc5 9. Qd2 Qb6 10. Bxc5 Nxc5 11. exd5 O-O 12. Qd4 cxd5 13. g3 Bf5 14. Bg2
Rac8 15. Nh4 Bg4 16. Bf3 Bxf3 17. Nxf3 Rfd8 18. Rhe1 Qa5 19. Nd2 Qa6 20. f5 b5
21. Nf3 Qb6 22. Re5 Qc6 23. Rd2 a5 24. g4 h6 25. g5 hxg5 26. Nxg5 Re8 27. Rxe8+
Rxe8 28. Nf3 Nce4 29. Nxe4 dxe4 30. Ne5 Qc7 31. Nd7 Nxd7 32. Qxd7 Qe5 33. Re2
Qf4+ 34. Qd2 Qxf5 35. Qxa5 e3 36. a4 Qg4 37. Qe1 Qe4 38. axb5 f5 39. b6 f4 40.
b7 Qxb7 41. Qc3 Qe4 42. Qb3+ Qe6 0-1

[Event "France Jeunes Belfort 2017"]
[Site "Belfort"]
[Date "2017.04.20"]
[Round "6.3"]
[White "Christien, Vincent"]
[Black "Tomasi, Albert"]
[Result "1-0"]
[WhiteElo "1988"]
[BlackElo "2176"]
[PlyCount "67"]
[EventDate "2017.??.??"]
[TimeControl "6000+1805"]
[WhiteClock "0:18:18"]
[BlackClock "0:08:24"]

1. e4 e5 2. Nf3 Nc6 3. Bb5 g6 4. d4 exd4 5. Bg5 Be7 6. Bxe7 Qxe7 7. O-O Qb4 8.
Bxc6 dxc6 9. Qxd4 Qxd4 10. Nxd4 Bd7 11. Nc3 O-O-O 12. Rad1 Ne7 13. Rfe1 g5 14.
Nf3 h6 15. Ne5 Be6 16. Rxd8+ Rxd8 17. Rd1 Rxd1+ 18. Nxd1 Bxa2 19. b3 Bb1 20.
Ne3 f5 21. exf5 Nd5 22. N5c4 b5 23. Nxd5 cxd5 24. Na3 Bxc2 25. Nxc2 c5 26. Kf1
a5 27. Ke2 Kd7 28. Kd2 Kd6 29. g4 Ke5 30. Ne1 d4 31. Nc2 c4 32. bxc4 bxc4 33.
Na3 Kd5 34. Nxc4 1-0

[Event "France Jeunes Belfort 2017"]
[Site "Belfort"]
[Date "2017.04.20"]
[Round "6.3"]
[White "Georges, Lisa"]
[Black "Imperor, Amelie"]
[Result "1/2-1/2"]
[WhiteElo "1704"]
[BlackElo "1820"]
[PlyCount "109"]
[EventDate "2017.??.??"]
[TimeControl "6000+780"]
[WhiteClock "0:33:12"]
[BlackClock "0:02:45"]

1. e4 c5 2. Nf3 e6 3. g3 d6 4. Bg2 Nf6 5. Qe2 Nc6 6. O-O Be7 7. Re1 e5 8. c3
O-O 9. Na3 Qc7 10. Nc2 Rb8 11. d4 b5 12. b4 exd4 13. bxc5 d3 14. Qxd3 Ne5 15.
cxd6 Bxd6 16. Nxe5 Bxe5 17. Nd4 Rd8 18. f4 Qxc3 19. Qxc3 Bxd4+ 20. Qxd4 Rxd4
21. Bb2 Rd8 22. Be5 Rb7 23. Rac1 Be6 24. a3 Bc4 25. Red1 Rbd7 26. Rxd7 Rxd7 27.
Bf1 Ng4 28. Bxc4 bxc4 29. Kg2 Nxe5 30. fxe5 Rc7 31. Kf3 Kf8 32. Ke3 Ke7 33. Kd4
Rd7+ 34. Kc5 Ke6 35. Rxc4 Rc7+ 36. Kb5 Rxc4 37. Kxc4 Kxe5 38. Kd3 g6 39. a4 a5
40. Kc4 Kxe4 41. Kb5 Kd5 42. Kxa5 Kc5 43. Ka6 f5 44. Kb7 Kb4 45. Kc6 Kxa4 46.
Kd5 Kb4 47. Ke5 Kc4 48. Kf4 Kd4 49. h4 Kd3 50. h5 Ke2 51. hxg6 hxg6 52. Kg5 Kf3
53. Kxg6 Kg4 54. Kf6 Kxg3 55. Kxf5 1/2-1/2

[Event "France Jeunes Belfort 2017"]
[Site "Belfort"]
[Date "2017.04.20"]
[Round "6.3"]
[White "Kollar, Romain"]
[Black "Gatineau, Yovann"]
[Result "0-1"]
[WhiteElo "2072"]
[BlackElo "2214"]
[PlyCount "96"]
[EventDate "2017.??.??"]
[TimeControl "6000+2490"]
[WhiteClock "0:01:56"]
[BlackClock "0:25:57"]

1. e4 c5 2. Nf3 d6 3. d4 Nf6 4. Nc3 cxd4 5. Nxd4 a6 6. f3 e5 7. Nb3 Be6 8. Be3
Be7 9. Qd2 O-O 10. O-O-O a5 11. a4 Nc6 12. Nd5 Bxd5 13. exd5 Nb4 14. c4 Qd7 15.
Kb1 Qxa4 16. Nc1 Rfc8 17. g4 Nd7 18. Be2 Nc5 19. Bxc5 Rxc5 20. Rde1 Rac8 21. b3
Qe8 22. Nd3 Nxd3 23. Bxd3 Bh4 24. Re4 Qd8 25. f4 exf4 26. Qxf4 Qb6 27. Bc2 Bf6
28. Qf5 Be5 29. Rf1 Qc7 30. Rxe5 dxe5 31. Qxh7+ Kf8 32. Qh8+ Ke7 33. Qxg7 Rf8
34. Re1 Qd6 35. Qxe5+ Qxe5 36. Rxe5+ Kd6 37. Rh5 a4 38. Kb2 b5 39. Rh6+ Ke5 40.
Rc6 Rc8 41. cxb5 a3+ 42. Kxa3 R8xc6 43. dxc6 Rxc2 44. Kb4 Kd6 45. h4 Rg2 46.
Ka5 Kc7 47. h5 Rxg4 48. Ka6 Rg2 0-1

[Event "France Jeunes Belfort 2017"]
[Site "Belfort"]
[Date "2017.04.20"]
[Round "6.3"]
[White "Lamard, Guillaume"]
[Black "Dudognon, Thibault"]
[Result "1-0"]
[WhiteElo "2307"]
[BlackElo "2218"]
[PlyCount "75"]
[EventDate "2017.??.??"]
[TimeControl "6000+705"]
[WhiteClock "0:40:16"]
[BlackClock "0:13:44"]

1. e4 c6 2. d4 d5 3. Nd2 dxe4 4. Nxe4 Bf5 5. Ng3 Bg6 6. Nh3 e6 7. Nf4 Bd6 8. c3
Ne7 9. h4 Qc7 10. Qf3 Nd5 11. Nxd5 cxd5 12. h5 Bc2 13. h6 gxh6 14. Nh5 Bg6 15.
Nf6+ Kd8 16. Bxh6 Kc8 17. Bd3 Nc6 18. Bg5 a6 19. Bxg6 fxg6 20. Qg4 Nd8 21. Nxd5
Qc6 22. Ne7+ Bxe7 23. Bxe7 Qd7 24. Bg5 Nc6 25. O-O-O Qd5 26. Kb1 h5 27. Qg3 Rf8
28. Be3 Qf5+ 29. Ka1 Rd8 30. Rh4 Rd5 31. Rf4 Qc2 32. Rc1 Qd3 33. Rf7 Rd7 34.
Rf6 Ne7 35. Rf8+ Rd8 36. Rxd8+ Kxd8 37. Qd6+ Ke8 38. Bg5 1-0

[Event "France Jeunes Belfort 2017"]
[Site "Belfort"]
[Date "2017.04.20"]
[Round "6.3"]
[White "Leriche, Ines"]
[Black "Benezra, Esther"]
[Result "1-0"]
[WhiteElo "2037"]
[BlackElo "1761"]
[PlyCount "99"]
[EventDate "2017.??.??"]
[TimeControl "6000+985"]
[WhiteClock "0:00:34"]
[BlackClock "0:02:05"]

1. d4 e6 2. c4 f5 3. g3 Nf6 4. Bg2 c6 5. Nf3 d5 6. O-O Bd6 7. Nbd2 O-O 8. b3 b6
9. Bb2 Qe7 10. Rc1 Bb7 11. Ne5 a5 12. Nb1 a4 13. bxa4 Nbd7 14. cxd5 exd5 15.
Nxc6 Qe6 16. a3 Bxg3 17. hxg3 Bxc6 18. Nc3 Ng4 19. e3 Qh6 20. Re1 Ndf6 21. Nb5
Bxb5 22. axb5 Ne4 23. Re2 Nexf2 24. Bxd5+ Kh8 25. Rxf2 Nxf2 26. Kxf2 Rae8 27.
Qf3 f4 28. gxf4 g5 29. Rh1 Qg6 30. Bb3 h6 31. Qh5 Qxh5 32. Rxh5 gxf4 33. exf4
Rxf4+ 34. Kg3 Ree4 35. d5+ Kg8 36. d6+ Kf8 37. Rxh6 Ke8 38. Bc1 Rf1 39. Bd2 Rd4
40. Kg2 Rf5 41. Bc1 Rg4+ 42. Kh2 Rf2+ 43. Kh3 Rfg2 44. Rh8+ Kd7 45. Bd5 R2g3+
46. Kh2 Rg1 47. Be3 R1g3 48. Bc6+ Ke6 49. Rh6+ Kf7 50. Bxb6 1-0

[Event "France Jeunes Belfort 2017"]
[Site "Belfort"]
[Date "2017.04.20"]
[Round "6.3"]
[White "Milojevic-Daim, Lola-Shaina"]
[Black "Marcellier, Lucie"]
[Result "0-1"]
[WhiteElo "1348"]
[BlackElo "1557"]
[PlyCount "50"]
[EventDate "2017.??.??"]
[TimeControl "6000+680"]
[WhiteClock "0:48:19"]
[BlackClock "0:43:07"]

1. e4 e5 2. Nf3 Nc6 3. Nc3 Nf6 4. Bb5 Bb4 5. O-O O-O 6. d3 d6 7. Bg5 Bxc3 8.
bxc3 Qe7 9. Re1 Nd8 10. d4 Ne6 11. dxe5 dxe5 12. Bh4 Nf4 13. Bg3 N6h5 14. Bxf4
Nxf4 15. g3 Nh3+ 16. Kg2 Qc5 17. Qe2 Bg4 18. c4 Ng5 19. Qe3 Bxf3+ 20. Kf1 Qxe3
21. Rxe3 Bg4 22. h4 Nf3 23. c3 a6 24. Ba4 Nd2+ 25. Ke1 Nxc4 0-1

[Event "France Jeunes Belfort 2017"]
[Site "Belfort"]
[Date "2017.04.20"]
[Round "6.3"]
[White "Piacentini, Angelina"]
[Black "Gospodaru, Teodora"]
[Result "0-1"]
[WhiteElo "1391"]
[BlackElo "1827"]
[PlyCount "62"]
[EventDate "2017.??.??"]
[TimeControl "6000+725"]
[WhiteClock "0:47:58"]
[BlackClock "0:32:55"]

1. e4 c5 2. Bc4 g6 3. Nf3 Nc6 4. c3 Bg7 5. Qe2 a6 6. d3 d6 7. Bf4 Na5 8. Nbd2
Nxc4 9. Nxc4 b5 10. Ne3 Bb7 11. O-O Nf6 12. Rfe1 O-O 13. Rad1 Rc8 14. e5 Nh5
15. g3 Bxf3 16. Qxf3 dxe5 17. Bg5 f6 18. Bh4 Qe8 19. g4 Nf4 20. g5 f5 21. Bg3
Nh3+ 22. Kg2 Nxg5 23. Qd5+ e6 24. Qd6 Rc6 25. Qxf8+ Qxf8 26. f4 exf4 27. Bxf4
Nf7 28. Nc2 g5 29. Bg3 f4 30. Bf2 Nh6 31. h3 f3+ 0-1

[Event "France Jeunes Belfort 2017"]
[Site "Belfort"]
[Date "2017.04.20"]
[Round "6.3"]
[White "Roux, Baptiste"]
[Black "Giammari, Santu"]
[Result "1-0"]
[WhiteElo "1934"]
[BlackElo "1794"]
[PlyCount "73"]
[EventDate "2017.??.??"]
[TimeControl "6000+1070"]
[WhiteClock "0:21:01"]
[BlackClock "0:07:23"]

1. d4 d6 2. e4 g6 3. Nc3 Bg7 4. Be3 a6 5. f3 b5 6. Qd2 Nd7 7. g4 h5 8. gxh5
Rxh5 9. Nge2 Bb7 10. Ng3 Rh8 11. h4 Ngf6 12. Bg2 Nb6 13. b3 Nh5 14. Nxh5 Rxh5
15. O-O-O a5 16. Ne2 a4 17. Ng3 Rh8 18. h5 axb3 19. cxb3 Ra3 20. hxg6 fxg6 21.
Rxh8+ Bxh8 22. Rh1 Kf7 23. Rh7+ Kg8 24. Rh6 Qa8 25. Kb1 Qe8 26. d5 Bg7 27. Rh1
Ra8 28. Bd4 Qf7 29. Qc3 Bxd4 30. Qxd4 Qf6 31. Qxf6 exf6 32. Rc1 Bc8 33. Rxc7
Bd7 34. Rb7 Ra6 35. Bf1 Be8 36. Rb8 Kf7 37. Rxe8 1-0

[Event "France Jeunes Belfort 2017"]
[Site "Belfort"]
[Date "2017.04.20"]
[Round "6.4"]
[White "Bacrot, Alexandre"]
[Black "Poulet, Benoit"]
[Result "1/2-1/2"]
[WhiteElo "2143"]
[BlackElo "1837"]
[PlyCount "69"]
[EventDate "2017.??.??"]
[TimeControl "6000+1060"]
[WhiteClock "0:00:58"]
[BlackClock "0:10:47"]

1. e4 c5 2. Nf3 Nc6 3. Bb5 g6 4. O-O Bg7 5. c3 Nf6 6. Re1 O-O 7. d3 a6 8. Bxc6
dxc6 9. e5 Nd5 10. Na3 Qc7 11. h3 Rd8 12. Qe2 h6 13. Bd2 a5 14. Rad1 b6 15. Nb1
Qd7 16. Bc1 Ba6 17. b3 Nc7 18. c4 Ne6 19. Be3 Qc7 20. d4 cxd4 21. Nxd4 Nxd4 22.
Bxd4 c5 23. Bc3 e6 24. f3 Rxd1 25. Rxd1 Rd8 26. Rxd8+ Qxd8 27. Nd2 Bb7 28. Kf1
Qd7 29. a4 h5 30. Ke1 Qd8 31. Kd1 Bh6 32. Kc2 Qg5 33. Kb2 Qe3 34. Qxe3 Bxe3 35.
Nf1 1/2-1/2

[Event "France Jeunes Belfort 2017"]
[Site "Belfort"]
[Date "2017.04.20"]
[Round "6.4"]
[White "Bartels, Karina"]
[Black "Bellahcene, Anissa"]
[Result "1/2-1/2"]
[WhiteElo "1759"]
[BlackElo "1806"]
[PlyCount "123"]
[EventDate "2017.??.??"]
[TimeControl "6000+585"]
[WhiteClock "0:02:38"]
[BlackClock "0:03:19"]

1. Nc3 d5 2. e4 dxe4 3. Nxe4 e5 4. Bc4 Nc6 5. Nf3 Be7 6. d3 Nf6 7. Ng3 O-O 8.
O-O h6 9. c3 Nh7 10. Re1 Bf6 11. h3 Re8 12. Ne4 a6 13. Bb3 Bf5 14. Bc2 Qd7 15.
Be3 Rad8 16. Nc5 Qc8 17. Qe2 Ne7 18. Ne4 Nd5 19. Rad1 b6 20. Nh2 c5 21. Nf1 Qc6
22. Nfg3 Bg6 23. Qf3 Qe6 24. Bb3 Qc8 25. Bxd5 Rxd5 26. Nxf6+ Nxf6 27. Ne4 Nxe4
28. dxe4 Rxd1 29. Qxd1 Bxe4 30. Bc1 Qc6 31. f3 Bg6 32. Qe2 c4 33. Be3 Bd3 34.
Qf2 Re6 35. Rd1 Rg6 36. Kh1 e4 37. f4 Qa4 38. Rd2 Qb5 39. Bd4 Qc6 40. a3 Qe6
41. f5 Qd6 42. fxg6 Qxg6 43. Bxb6 f5 44. Qd4 f4 45. Rd1 e3 46. Bc5 e2 47. Re1
Qg5 48. Bd6 Qg3 49. Rxe2 Bxe2 50. Qd5+ Kh7 51. Qe4+ Qg6 52. Qxg6+ Kxg6 53. Bxf4
Kf5 54. Bd6 g6 55. g3 Ke4 56. a4 a5 57. Bc7 Bd1 58. Bxa5 Bxa4 59. Kg2 h5 60. h4
Kd3 61. Bb4 Kc2 62. Ba3 1/2-1/2

[Event "France Jeunes Belfort 2017"]
[Site "Belfort"]
[Date "2017.04.20"]
[Round "6.4"]
[White "Cavailles, Evan"]
[Black "Maugenest, Ghislain"]
[Result "1/2-1/2"]
[WhiteElo "1694"]
[BlackElo "1915"]
[PlyCount "107"]
[EventDate "2017.??.??"]
[TimeControl "6000+545"]
[WhiteClock "0:20:46"]
[BlackClock "0:19:42"]

1. e4 e6 2. d4 d5 3. Nd2 Nf6 4. e5 Nfd7 5. Bd3 c5 6. c3 Nc6 7. Ne2 cxd4 8. cxd4
f6 9. exf6 Nxf6 10. O-O Bd6 11. Nf3 Qc7 12. Bg5 O-O 13. Bh4 Nh5 14. Qc2 h6 15.
Bh7+ Kh8 16. Bg6 Rxf3 17. Bxh5 Rf8 18. Bg3 Bxg3 19. hxg3 Qb6 20. Qd2 Bd7 21.
Rad1 Rac8 22. Nf4 Rf6 23. Rfe1 Ne7 24. Rc1 Rxc1 25. Rxc1 Nc6 26. Rd1 Kg8 27.
Bg4 Qc7 28. Re1 Qd6 29. a3 g5 30. Ne2 b6 31. Nc3 Na5 32. Be2 Be8 33. b4 Nc6 34.
Bf3 Bg6 35. Be2 Bf7 36. Bb5 Ne7 37. Nd1 Nf5 38. Ne3 Nxe3 39. Qxe3 Bg6 40. Qe5
Qxe5 41. Rxe5 Kf7 42. Re1 Bf5 43. Rc1 Kg7 44. Rc7+ Rf7 45. Rxf7+ Kxf7 46. Kf1
Kf6 47. f4 Be4 48. Kf2 Kf5 49. fxg5 Kxg5 50. Be2 Kf5 51. Bf3 Bc2 52. Ke3 Bb3
53. g4+ Kg5 54. g3 1/2-1/2

[Event "France Jeunes Belfort 2017"]
[Site "Belfort"]
[Date "2017.04.20"]
[Round "6.4"]
[White "Coiffait, Pierre-Basile"]
[Black "Guehtar, Sofiane"]
[Result "1/2-1/2"]
[WhiteElo "2193"]
[BlackElo "1977"]
[PlyCount "167"]
[EventDate "2017.??.??"]
[TimeControl "6000+1565"]
[WhiteClock "0:01:10"]
[BlackClock "0:01:51"]

1. e4 c5 2. Nf3 g6 3. d4 Bg7 4. c4 Qa5+ 5. Nc3 Nc6 6. Be3 Nf6 7. d5 Nxe4 8.
dxc6 Nxc3 9. Qd2 b6 10. Bd3 dxc6 11. O-O Na4 12. b3 Nc3 13. Rfe1 O-O 14. Bh6 b5
15. a3 Bf6 16. Ne5 Re8 17. Bf4 Bg7 18. Nxc6 Qb6 19. Nxe7+ Rxe7 20. Rxe7 Be6 21.
Re1 Bf6 22. Bg5 Bg7 23. Rc1 b4 24. axb4 cxb4 25. Re1 Qd6 26. Qe3 h6 27. Rxe6
Qxe6 28. Qxe6 fxe6 29. Be7 Kf7 30. Bxb4 Rb8 31. Bc5 Rxb3 32. Bxa7 Ra3 33. Bc5
Ra5 34. Bb6 Ra3 35. Bc5 Ra5 36. Be3 Na4 37. g3 Nc5 38. Bf1 g5 39. Rb1 Bf8 40.
Rb8 Bd6 41. Rb6 Be7 42. Rc6 Nd7 43. Rc7 Ne5 44. Kg2 Ra4 45. Bc5 Ng6 46. Bd3 Kf6
47. Bxe7+ Nxe7 48. Bc2 Ra3 49. Be4 Rc3 50. h3 Rc1 51. Kf3 Rc3+ 52. Ke2 Rc1 53.
Kd2 Ra1 54. Ke3 Re1+ 55. Kd3 Rd1+ 56. Ke2 Rc1 57. Bb7 Nf5 58. Kf3 Rc3+ 59. Kg2
Nd6 60. Ba6 Rc2 61. Kf3 Rc3+ 62. Ke2 Rc2+ 63. Ke3 Rc3+ 64. Kd2 Ne4+ 65. Ke2 Ke5
66. Bb7 Nd6 67. c5 Nxb7 68. Rxb7 Rxc5 69. Rh7 Ke4 70. Rxh6 Rc2+ 71. Kf1 Rc1+
72. Kg2 Ke5 73. Kf3 Rc4 74. g4 Rc3+ 75. Kg2 Rc5 76. Kf3 Rc3+ 77. Kg2 Rc5 78. f3
Kf4 79. Rf6+ Ke5 80. Rf8 Kd6 81. Rh8 Ke7 82. Kg3 Rc3 83. Rh7+ Kf6 84. Ra7
1/2-1/2

[Event "France Jeunes Belfort 2017"]
[Site "Belfort"]
[Date "2017.04.20"]
[Round "6.4"]
[White "Croisille, Shanti"]
[Black "Peyssonneaux, Salome"]
[Result "0-1"]
[WhiteElo "1539"]
[BlackElo "1428"]
[PlyCount "90"]
[EventDate "2017.??.??"]
[TimeControl "6000+995"]
[WhiteClock "0:07:03"]
[BlackClock "0:12:06"]

1. e4 c5 2. Nf3 d6 3. d4 cxd4 4. Nxd4 Nf6 5. Nc3 g6 6. Be3 a6 7. f3 b5 8. Qd2
Bb7 9. O-O-O Nbd7 10. g4 Nb6 11. Bh6 Bxh6 12. Qxh6 Rc8 13. Qe3 Qc7 14. Qd2 b4
15. Nce2 a5 16. Ng3 Nc4 17. Bxc4 Qxc4 18. Kb1 O-O 19. Rc1 e5 20. Nde2 d5 21.
Qd3 dxe4 22. Qxc4 Rxc4 23. b3 Rc7 24. fxe4 Nxg4 25. c3 Nf2 26. cxb4 Rxc1+ 27.
Rxc1 axb4 28. Rc4 Nd3 29. Kc2 Rd8 30. h3 Ba6 31. Rc6 Ne1+ 32. Kc1 Bc8 33. Rb6
Nd3+ 34. Kc2 Bxh3 35. Nc1 Nxc1 36. Kxc1 Rd4 37. Rb5 f6 38. Rb8+ Kg7 39. Rb7+
Kh6 40. Rb6 Kg5 41. Rc6 h5 42. Rc4 Be6 43. Rxd4 exd4 44. Kd2 Kf4 45. Ne2+ Kxe4
0-1

[Event "France Jeunes Belfort 2017"]
[Site "Belfort"]
[Date "2017.04.20"]
[Round "6.4"]
[White "Grall, Alba"]
[Black "Belluire, Beatrice"]
[Result "0-1"]
[WhiteElo "1664"]
[BlackElo "1786"]
[PlyCount "100"]
[EventDate "2017.??.??"]
[TimeControl "6000+985"]
[WhiteClock "0:00:32"]
[BlackClock "0:11:46"]

1. e4 d5 2. exd5 Nf6 3. Nc3 Nxd5 4. Bc4 Nb6 5. Bb3 Nc6 6. Qf3 e6 7. Nge2 Be7 8.
d3 O-O 9. Bd2 e5 10. O-O Bd7 11. Ng3 a5 12. Qd1 Nd4 13. Nce2 Bg4 14. f3 Bc5 15.
Nxd4 Bxd4+ 16. Kh1 Bd7 17. c3 Bc5 18. Ne4 Be7 19. a4 Bc6 20. Be3 Nd5 21. Qe2
Kh8 22. Bxd5 Qxd5 23. Rfd1 f5 24. c4 Qf7 25. Nc3 Rae8 26. Qf1 Qh5 27. d4 exd4
28. Bxd4 Bd6 29. f4 Qg4 30. Be5 Bxe5 31. fxe5 Rxe5 32. Re1 Rfe8 33. Nd5 Rxe1
34. Rxe1 Rxe1 35. Qxe1 Qxc4 36. Nxc7 Qe4 37. Qxe4 fxe4 38. Kg1 Bxa4 39. Kf2 Bc6
40. Ne6 Kg8 41. g3 Kf7 42. Nd4 Kf6 43. Ke3 Ke5 44. Ne2 b5 45. Nc3 b4 46. Ne2 a4
47. Nd4 Bd5 48. Nc2 a3 49. bxa3 b3 50. Kd2 b2 0-1